• 首页
  • 本馆介绍
  • 公告通知
  • 最新文献
  • 馆藏检索
  • 电子资源
  • 读者导购
  • 参考咨询
  • 我的图书馆
  • 登录
  • 详细信息显示
  • 放入我的书架
  • 预约/预借图书
  • 作者相关作品
  • 分类相关作品
  • 丛书相关作品
  • 出版社相关作品

书目信息

  • 表格格式
  • 工作单格式
  • 卡片格式
题名:
事物的起源
    
 
作者: 利普斯, 著 ;汪宁生 译
分册:  
出版信息: 兰州   敦煌文艺出版社  2000
页数: 14, 471页
开本: 21cm
丛书名:
单 册:
中图分类: K86
科图分类:
主题词: 文化人类学--wen hua ren lei xue , 文物--考古--世界
电子资源:
ISBN: 7-80587-525-1
000 00996nam0 2200289 45
001 CAL 012000527146
005 20031219104115.7
010    @a7-80587-525-1@dCNY27.80
100    @a20000313d2000 em y0chiy0121 ea
101 1  @achi@beng@cger
102    @aCN@b620000
105    @aa a 000yy
106    @ar
200 1  @a事物的起源@Ashi wu de qi yuan@f(德) Julius E. 利普斯著@d= The origin of things@ea cultural history of man@fJulius E. Lips@g汪宁生译@zeng
205    @a修订本
210    @a兰州@c敦煌文艺出版社@d2000
215    @a14, 471页@c图@d21cm
305    @a据George G. Harrap出版社1949年英文版译出.
320    @a有书目 (第423-462页)
510 1  @aOrigin of things@ea cultural history of man@zeng
606 0  @a文化人类学@Awen hua ren lei xue
606 0  @a文物@x考古@x世界
690    @aK86@v4
701  1 @a利普斯,@Ali pu si,@bJ. E.@g(Lips, Julius Ernst),@f1895-1950@4著
702  0 @a汪宁生@Awang ning sheng@4译
801    @aCN@bTSTC@c20030921
905    @b325813@dK86@f1@e2=2
    
    事物的起源/(德) Julius E. 利普斯著= The origin of things:a cultural history of man/Julius E. Lips/汪宁生译.-修订本.-兰州:敦煌文艺出版社,2000
    14, 471页:图;21cm
    
    
    ISBN 7-80587-525-1:CNY27.80
    
●
相关链接 在E读中查询图书 在五车中查询图书 在当当中查询图书 在豆瓣中查询图书


正题名:事物的起源     索取号:K86/2=2         预约/预借

序号 登录号 条形码 馆藏地/架位号 状态 备注
1 0325813   203258134   第二样本阅览室/ [索取号:K86/2=2] 在馆    
唐山师范学院图书馆 欢迎您!
大连网信软件有限公司© 版权所有